| 000 | 00535nam a2200217Ia 4500 | ||
|---|---|---|---|
| 008 | 160901s9999 xx 000 0 und d | ||
| 020 | _a81-7573-794-8 | ||
| 050 | _aComSc T 385 | ||
| 050 | _b.S57 2004 | ||
| 100 | _aShroff, Manisha. | ||
| 245 | _aLearn all about Power Point / | ||
| 245 | _cManisha Shroff. | ||
| 260 | _aNew Delhi : | ||
| 260 | _bTiny Tot Pub., | ||
| 260 | _c2004 | ||
| 300 | _a160 pages : | ||
| 300 | _bill. ; | ||
| 300 | _c15 cm. | ||
| 650 | _aMS Microsoft Powerpoint. | ||
| 650 | _xComputer graphics. | ||
| 999 |
_c300864 _d300864 |
||